[Event "POL-chT 2nd League"]
[Site "Jastrzebia Gora"]
[Date "2023.09.03"]
[Round "2.77"]
[White "Hladun, Bartlomiej"]
[Black "Krol, Rafal"]
[Result "0-1"]
[WhiteElo "1693"]
[BlackElo "2018"]
[PlyCount "68"]
[EventDate "2023.09.02"]
[EventType "team-swiss"]
[EventRounds "9"]
[EventCountry "POL"]
[SourceTitle "EXT 2024"]
[Source "ChessBase"]
[SourceDate "2023.10.10"]
[SourceVersion "1"]
[SourceVersionDate "2023.10.10"]
[SourceQuality "1"]
[WhiteTeam "Gdynia MDK"]
[BlackTeam "Jaworzno"]
[WhiteTeamCountry "POL"]
[BlackTeamCountry "POL"]

1. Nf3 Nf6 2. c4 e6 3. b3 d5 4. e3 Be7 5. Bb2 0-0 6. Nc3 c5 7. cxd5 exd5 8. Qc2 Nc6 9. a3 Bg4 10. Be2 Rc8 11. h3 Bh5 12. 0-0 d4 13. Na2 Bg6 14. d3 dxe3 15. fxe3 Nh5 16. Rad1 Ng3 17. Rfe1 Re8 18. Nc3 Bd6 19. Nb5 Rxe3 20. Nxd6 Qxd6 21. Bc1 Re7 22. Bf1 Rxe1 23. Nxe1 Nd4 24. Qf2 Nxf1 25. Kxf1 Nxb3 26. Bf4 Qd7 27. Qb2 Nd4 28. Qc3 Qf5 29. Qd2 Re8 30. g4 Qd5 31. Qh2 Re2 32. Qg1 Rxe1+ 33. Rxe1 Bxd3+ 34. Kf2 Qf3# 0-1

[Event "POL-chT 2nd League"]
[Site "Jastrzebia Gora"]
[Date "2022.09.07"]
[Round "5.115"]
[White "Krol, Rafal"]
[Black "Maj, Pawel1111"]
[Result "0-1"]
[WhiteElo "2003"]
[BlackElo "2188"]
[PlyCount "128"]
[EventDate "2022.09.03"]
[EventType "team-swiss"]
[EventRounds "9"]
[EventCountry "POL"]
[SourceTitle "CBM 210 Extra"]
[Source "ChessBase"]
[SourceDate "2022.11.30"]
[SourceVersion "1"]
[SourceVersionDate "2022.11.30"]
[SourceQuality "1"]
[WhiteTeam "Gornik Ledziny"]
[BlackTeam "Skoczek Trojanski"]
[WhiteTeamCountry "POL"]
[BlackTeamCountry "POL"]

1. d4 Nf6 2. c4 e6 3. Nf3 b6 4. g3 Ba6 5. Qc2 d5 6. cxd5 exd5 7. Bg2 Bd6 8. 0-0 0-0 9. Nc3 Re8 10. Bg5 c6 11. Rfe1 Be7 12. e4 Bb7 13. e5 Nfd7 14. Bxe7 Qxe7 15. Nd1 f6 16. Ne3 fxe5 17. dxe5 Nxe5 18. Nxe5 Qxe5 19. Qd2 Qg5 20. h4 Qd8 21. Nf5 Rf8 22. Nd4 Rf6 23. Re2 Na6 24. Ne6 Qd6 25. Rae1 Re8 26. Bh3 c5 27. Ng5 Rxe2 28. Qxe2 Nc7 29. Qh5 h6 30. Be6+ Nxe6 31. Rxe6 Qxe6 32. Nxe6 Rxe6 33. Qf5 Re7 34. f4 d4 35. Kf2 Be4 36. Qc8+ Kf7 37. g4 Bb7 38. Qf5+ Ke8 39. g5 hxg5 40. hxg5 Ba6 41. Qg6+ Kd8 42. Qd6+ Rd7 43. Qb8+ Bc8 44. Ke2 g6 45. Kd2 Rc7 46. Qa8 Rb7 47. b3 Kc7 48. Ke2 a5 49. Kd2 Bf5 50. Qe8 Rb8 51. Qe7+ Kc6 52. Qf6+ Kb5 53. Qf7 Ka6 54. Qc4+ Ka7 55. Qf7+ Rb7 56. Qf6 d3 57. a3 Rh7 58. b4 Rh2+ 59. Ke3 Re2+ 60. Kf3 Be4+ 61. Kg3 cxb4 62. axb4 d2 63. bxa5 d1Q 64. Qxb6+ Ka8 0-1

[Event "Krakow-ch 3rd"]
[Site "Krakow"]
[Date "2012.08.09"]
[Round "2.20"]
[White "Krol, Rafal"]
[Black "Kaczmarek, Aleksander"]
[Result "0-1"]
[WhiteElo "1734"]
[BlackElo "2097"]
[PlyCount "58"]
[EventDate "2012.08.08"]
[EventType "swiss"]
[EventRounds "9"]
[EventCountry "POL"]
[SourceTitle "EXT 2023"]
[Source "ChessBase"]
[SourceDate "2022.10.05"]
[SourceVersion "1"]
[SourceVersionDate "2022.10.05"]
[SourceQuality "1"]

1. Nf3 g6 2. g3 Bg7 3. Bg2 e5 4. e4 Nc6 5. 0-0 Nge7 6. d3 d5 7. c3 h6 8. Be3 Be6 9. Qa4 Qd7 10. Rd1 0-0 11. Bc5 Rfe8 12. d4 exd4 13. Nxd4 Nxd4 14. Qxd7 Ne2+ 15. Kf1 Bxd7 16. Kxe2 Bb5+ 17. Kd2 dxe4 18. Bxe4 Nc6 19. Bc2 Ne5 20. Na3 Rad8+ 21. Kc1 Be2 22. Rxd8 Rxd8 23. Bd4 Ng4 24. Kd2 Ba6 25. b4 b6 26. b5 Bb7 27. Ke2 Bxd4 28. cxd4 Nxh2 29. Bb3 Bf3+ 0-1

[Event "POL-ch Seniors"]
[Site "Swietochlowice"]
[Date "2008.10.03"]
[Round "4.9"]
[White "Krol, Rafal"]
[Black "Tchorzewski, Kazimierz"]
[Result "1-0"]
[WhiteElo "1661"]
[BlackElo "1858"]
[PlyCount "79"]
[EventDate "2008.09.30"]
[EventType "swiss"]
[EventRounds "9"]
[EventCountry "POL"]
[SourceTitle "EXT 2023"]
[Source "ChessBase"]
[SourceDate "2022.10.05"]
[SourceVersion "1"]
[SourceVersionDate "2022.10.05"]
[SourceQuality "1"]

1. c4 Nf6 2. Nf3 e6 3. g3 c6 4. b3 Be7 5. Bg2 0-0 6. 0-0 a6 7. Bb2 b5 8. d4 Bb7 9. c5 d6 10. b4 a5 11. a3 a4 12. Qc2 h6 13. e4 Nfd7 14. Nbd2 f6 15. Bh3 e5 16. Nh4 exd4 17. Ng6 Ne5 18. Nxf8 Qxf8 19. cxd6 Bxd6 20. Bxd4 Bc8 21. Qa2+ Kh8 22. Bg2 c5 23. bxc5 Bxc5 24. Bxc5 Qxc5 25. Rfc1 Qf8 26. Qd5 Ra6 27. Qxb5 Bd7 28. Qc5 Qf7 29. Qd5 Qf8 30. Nf3 Bc6 31. Nxe5 fxe5 32. Qxe5 Nd7 33. Qc7 Qa8 34. Rd1 Ra7 35. Qd6 Bxe4 36. Bxe4 Qxe4 37. Re1 Qf5 38. Rad1 Kh7 39. Re7 Ne5 40. Qxe5 1-0

[Event "POL-chT3 Slaskie"]
[Site "Poland"]
[Date "2008.03.02"]
[Round "6.95"]
[White "Krol, Rafal"]
[Black "Goliszek, Wieslaw"]
[Result "0-1"]
[WhiteElo "1685"]
[BlackElo "2070"]
[PlyCount "52"]
[EventDate "2008.02.03"]
[EventType "team-swiss"]
[EventRounds "9"]
[EventCountry "POL"]
[SourceTitle "EXT 2019"]
[Source "ChessBase"]
[SourceDate "2018.10.10"]
[SourceVersion "1"]
[SourceVersionDate "2018.10.10"]
[SourceQuality "1"]

1. e4 Nc6 2. c4 d6 3. Nc3 g6 4. d3 Bg7 5. g3 e5 6. Bg2 Nge7 7. Nge2 0-0 8. 0-0 f5 9. Rb1 Nd4 10. b4 a5 11. bxa5 c6 12. Nxd4 exd4 13. Ne2 Rxa5 14. Qb3 fxe4 15. Bxe4 d5 16. cxd5 Rb5 17. Qc2 Rxb1 18. Qxb1 Nxd5 19. Qb3 Kh8 20. Bxd5 cxd5 21. Bb2 Bh3 22. Rc1 Qg5 23. Nxd4 Qd2 24. Qc2 Rxf2 25. Qxd2 Rxd2 26. Rb1 Rxb2 0-1

[Event "POL-chT3 Slaskie"]
[Site "Poland"]
[Date "2008.02.19"]
[Round "3.5"]
[White "Krol, Rafal"]
[Black "Szwarc, Pawel"]
[Result "0-1"]
[WhiteElo "1685"]
[BlackElo "2121"]
[PlyCount "58"]
[EventDate "2008.02.03"]
[EventType "team-swiss"]
[EventRounds "9"]
[EventCountry "POL"]
[SourceTitle "EXT 2019"]
[Source "ChessBase"]
[SourceDate "2018.10.10"]
[SourceVersion "1"]
[SourceVersionDate "2018.10.10"]
[SourceQuality "1"]

1. c4 f5 2. Nc3 Nf6 3. Nf3 g6 4. g3 Bg7 5. Bg2 0-0 6. 0-0 d6 7. d3 e5 8. Bd2 Nc6 9. Qc1 Re8 10. e4 Nd4 11. Re1 fxe4 12. dxe4 Bg4 13. Nxd4 exd4 14. Nd5 c6 15. Nxf6+ Qxf6 16. f4 Qf7 17. h3 Be6 18. b3 Rac8 19. c5 dxc5 20. Qxc5 Qd7 21. Kh2 b6 22. Qa3 c5 23. Rac1 b5 24. f5 gxf5 25. exf5 Bxf5 26. Rxe8+ Rxe8 27. Qxc5 Re2 28. Bf4 Bxh3 29. Rc2 Bxg2 0-1

[Event "POL-chT3 U19 Slaska"]
[Site "Slask"]
[Date "2007.01.27"]
[Round "1.7"]
[White "Krol, Rafal"]
[Black "Borys, Jacek"]
[Result "0-1"]
[WhiteElo "1725"]
[BlackElo "1885"]
[PlyCount "36"]
[EventDate "2007.01.27"]
[EventType "team-tourn"]
[EventRounds "11"]
[EventCountry "POL"]
[SourceTitle "EXT 2019"]
[Source "ChessBase"]
[SourceDate "2018.10.10"]
[SourceVersion "1"]
[SourceVersionDate "2018.10.10"]
[SourceQuality "1"]
[WhiteTeam "Tychy Jedynka U19"]
[BlackTeam "Pszczyna PSSz U19"]
[WhiteTeamCountry "POL"]
[BlackTeamCountry "POL"]

1. e4 e5 2. Nf3 Nc6 3. d4 exd4 4. Nxd4 Nf6 5. Nxc6 bxc6 6. Bd3 Be7 7. 0-0 0-0 8. Bg5 d5 9. e5 Ng4 10. Bf4 f6 11. exf6 Bxf6 12. c3 Bxc3 13. Nxc3 Rxf4 14. Qc2 Qh4 15. h3 Ne5 16. Ne2 Bxh3 17. g3 Nf3+ 18. Kh1 Bg2+ 0-1